U.S. Army Ranks - Statistics

General Stats
  • This quiz has been taken 92 times
  • The average score is 18 of 23
Answer Stats
Pay Grade Rank % Correct
E-1 Private
100%
E-2 Private
100%
E-5 Sergeant
95%
O-10 General
92%
O-4 Major
92%
E-3 Private First Class
89%
O-3 Captain
88%
E-4 Corporal
86%
O-7 Brigadier General
83%
O-8 Major General
82%
E-4 Specialist
82%
E-6 Staff Sergeant
82%
O-6 Colonel
80%
O-9 Lieutenant General
80%
E-9 Sergeant Major
77%
E-8 Master Sergeant
73%
O-5 Lieutenant Colonel
71%
O-2 First Lieutenant
68%
O-1 Second Lieutenant
68%
E-7 Sergeant First Class
65%
E-8 First Sergeant
59%
E-9 Sergeant Major of the Army
58%
E-9 Command Sergeant Major
50%
No matching quizzes found
Score Distribution
Percent of People with Each Score
Percentile by Number Answered
Your Score History
You have not taken this quiz